[Event "2. Bundesliga Mitte 2012/2013"]
[Site "St. Veit/Glan"]
[Date "2013.03.24"]
[Round "8"]
[Board "1"]
[White "Mohr, Georg"]
[Black "Pilaj, Herwig"]
[Result "1-0"]
[WhiteElo "2483"]
[BlackElo "2345"]
[PlyCount "87"]
[EventDate "2012.10.19"]
[EventType "team"]
[EventRounds "11"]
[EventCountry "AUT"]
[WhiteTeam "StrassenbahnGraz"]
[BlackTeam "SC Die Klagenfurter"]

1. e4 c5 2. Nf3 Nc6 3. Bb5 g6 4. O-O Bg7 5. Bxc6 bxc6 6. c3 Nh6 7. h3 O-O 8. d4
cxd4 9. cxd4 f6 10. Re1 d6 11. Bf4 Nf7 12. Nc3 e5 13. Be3 a5 14. Qd2 h6 15.
Rad1 a4 16. Nh4 Kh7 17. Qc2 a3 18. b3 Rg8 19. f4 Bf8 20. Nf3 Qe8 21. Na4 Rb8
22. fxe5 fxe5 23. dxe5 Nxe5 24. Nxe5 Qxe5 25. Qxc6 Bxh3 26. gxh3 Qg3+ 27. Kf1
Qf3+ 28. Bf2 Qxh3+ 29. Ke2 Rc8 30. Qd5 Qg4+ 31. Kd3 Bg7 32. Be3 Rge8 33. Rg1
Qh3 34. Qf7 g5 35. Qf5+ Qxf5 36. exf5 Re5 37. Rgf1 Rf8 38. Nb6 Rexf5 39. Rxf5
Rxf5 40. Ke2 Be5 41. Nc4 g4 42. Nxe5 Rxe5 43. Rxd6 Rh5 44. Rxh6+ 1-0

[Event "2. Bundesliga Mitte 2012/2013"]
[Site "St. Veit/Glan"]
[Date "2013.03.24"]
[Round "8"]
[Board "2"]
[White "Wertjanz, David"]
[Black "Supancic, Darko"]
[Result "0-1"]
[WhiteElo "2259"]
[BlackElo "2370"]
[PlyCount "132"]
[EventDate "2012.10.19"]
[EventType "team"]
[EventRounds "11"]
[EventCountry "AUT"]
[WhiteTeam "SC Die Klagenfurter"]
[BlackTeam "StrassenbahnGraz"]

1. e4 g6 2. d4 Bg7 3. Nf3 d6 4. Nc3 Nf6 5. Be2 c5 6. dxc5 Qa5 7. cxd6 Nxe4 8.
O-O Nxd6 9. Bf4 O-O 10. Nd5 Re8 11. c3 Nc6 12. Re1 Be6 13. Ne3 Red8 14. Qc1 h6
15. Nd2 Rac8 16. Ndc4 Bxc4 17. Nxc4 Nxc4 18. Bxc4 g5 19. Bg3 e6 20. Qe3 a6 21.
Bd3 Ne7 22. Rad1 Nd5 23. Qe4 Qxa2 24. Be5 Bxe5 25. Qh7+ Kf8 26. Rxe5 Nf4 27.
Qxh6+ Ke8 28. Rxg5 Rxd3 29. Re1 Ke7 30. Rg7 Qc4 31. Qg5+ Ke8 32. Qf6 Rc7 33.
Rg8+ Kd7 34. Qxf7+ Kc6 35. Qf6 Qe4 36. Rf1 Qf5 37. Qh6 Rh7 38. Rc8+ Kb6 39. Qf8
Qxf8 40. Rxf8 Ne2+ 41. Kh1 Rd2 42. Rf6 Rxb2 43. Rxe6+ Ka7 44. h3 Nxc3 45. Kh2
a5 46. g4 a4 47. Re3 Nd5 48. Rf3 Rb4 49. g5 Rf4 50. Rxf4 Nxf4 51. Kg3 Nxh3 52.
f4 Nxf4 53. Rxf4 b5 54. g6 Rh8 55. Kf2 a3 56. Ke3 a2 57. Rf1 b4 58. Kd3 Rc8 59.
g7 b3 60. g8=Q Rxg8 61. Kc3 Rg3+ 62. Kb2 Kb6 63. Rf6+ Kc5 64. Rf5+ Kd4 65. Rf1
Rd3 66. Rh1 Kc4 0-1

[Event "2. Bundesliga Mitte 2012/2013"]
[Site "St. Veit/Glan"]
[Date "2013.03.24"]
[Round "8"]
[Board "3"]
[White "Krebs, Johann"]
[Black "Genser, Harald"]
[Result "1/2-1/2"]
[WhiteElo "2243"]
[BlackElo "2290"]
[PlyCount "62"]
[EventDate "2012.10.19"]
[EventType "team"]
[EventRounds "11"]
[EventCountry "AUT"]
[WhiteTeam "StrassenbahnGraz"]
[BlackTeam "SC Die Klagenfurter"]

1. d4 d5 2. c4 e6 3. Nc3 Be7 4. cxd5 exd5 5. Bf4 c6 6. Qc2 Nf6 7. h3 g6 8. Bh6
Bf8 9. Bxf8 Kxf8 10. e3 Kg7 11. Bd3 c5 12. dxc5 Qa5 13. Nge2 Nc6 14. O-O Qxc5
15. Rac1 d4 16. exd4 Nxd4 17. Nxd4 Qxd4 18. Nb5 Qb6 19. Nc7 Rb8 20. Qc3 Bd7 21.
Rfe1 Rbc8 22. Qe5 Bc6 23. Nb5 Rhe8 24. Qd4 Qxd4 25. Nxd4 Bd5 26. a3 Rcd8 27.
Bf1 Kf8 28. Nb5 a6 29. Nc3 Bc6 30. Bc4 Rd2 31. Re2 Rdxe2 1/2-1/2

[Event "2. Bundesliga Mitte 2012/2013"]
[Site "St. Veit/Glan"]
[Date "2013.03.24"]
[Round "8"]
[Board "4"]
[White "Petschar, Kurt"]
[Black "Pesorda, Ivan"]
[Result "1-0"]
[WhiteElo "2295"]
[BlackElo "2274"]
[PlyCount "83"]
[EventDate "2012.10.19"]
[EventType "team"]
[EventRounds "11"]
[EventCountry "AUT"]
[WhiteTeam "SC Die Klagenfurter"]
[BlackTeam "StrassenbahnGraz"]

1. d4 d5 2. c4 c6 3. e3 Nf6 4. Nf3 Bf5 5. Nc3 e6 6. Nh4 Bg4 7. Qb3 Qb6 8. h3
Bh5 9. g4 Bg6 10. Nxg6 hxg6 11. g5 Nfd7 12. h4 Na6 13. Bd2 Be7 14. f4 Qxb3 15.
axb3 Nc7 16. e4 c5 17. exd5 exd5 18. Nxd5 Nxd5 19. cxd5 cxd4 20. Ra4 Bc5 21. b4
Bb6 22. Ra1 O-O-O 23. Bc4 Kb8 24. Ke2 a6 25. d6 f6 26. Kd3 Ba7 27. Bf7 Nb6 28.
gxf6 Rhf8 29. Bxg6 Rxf6 30. f5 Rff8 31. Ra5 Nc8 32. Bf4 Rd7 33. Rd5 Ka8 34. Re1
Bb8 35. Re6 Rfd8 36. Be8 Nb6 37. Ra5 Rxd6 38. Bxd6 Bxd6 39. b5 Nd5 40. Rxd6
Rxd6 41. bxa6 bxa6 42. Rxd5 1-0

[Event "2. Bundesliga Mitte 2012/2013"]
[Site "St. Veit/Glan"]
[Date "2013.03.24"]
[Round "8"]
[Board "5"]
[White "Steiner, Stefan"]
[Black "Singer, Hans"]
[Result "1/2-1/2"]
[WhiteElo "2249"]
[BlackElo "2229"]
[PlyCount "99"]
[EventDate "2012.10.19"]
[EventType "team"]
[EventRounds "11"]
[EventCountry "AUT"]
[WhiteTeam "StrassenbahnGraz"]
[BlackTeam "SC Die Klagenfurter"]

1. d4 d5 2. c4 e6 3. Nf3 c5 4. cxd5 exd5 5. g3 Nc6 6. Bg2 Nf6 7. O-O h6 8. Nc3
Be6 9. dxc5 Bxc5 10. Na4 Be7 11. Be3 O-O 12. Nc5 Bxc5 13. Bxc5 Re8 14. Nd4 Bg4
15. Re1 Ne4 16. Nxc6 bxc6 17. Bxe4 Rxe4 18. f3 Rc4 19. Rc1 Rxc1 20. Qxc1 Be6
21. Qc3 f6 22. Rd1 Qe8 23. Kf2 Bf7 24. Rd3 Qd7 25. Rd4 Qe6 26. Qd2 a6 27. b4
Bg6 28. a4 Rb8 29. a5 Re8 30. Rg4 Qf5 31. Qb2 Qc2 32. Qxc2 Bxc2 33. Rd4 Rb8 34.
Ke1 Bf5 35. Kd2 Kf7 36. Kc3 h5 37. e4 Be6 38. f4 dxe4 39. Rxe4 Rb7 40. Re3 Rd7
41. Re1 Bf5 42. Re3 Be6 43. Bd4 Bd5 44. Bb6 Be6 45. Rd3 Rxd3+ 46. Kxd3 f5 47.
Kd4 Bb3 48. Ke5 g6 49. Bc5 Ba4 50. Kd6 1/2-1/2

[Event "2. Bundesliga Mitte 2012/2013"]
[Site "St. Veit/Glan"]
[Date "2013.03.24"]
[Round "8"]
[Board "6"]
[White "Titz, Heimo"]
[Black "Schink, Barbara"]
[Result "0-1"]
[WhiteElo "2168"]
[BlackElo "2167"]
[PlyCount "124"]
[EventDate "2012.10.19"]
[EventType "team"]
[EventRounds "11"]
[EventCountry "AUT"]
[WhiteTeam "SC Die Klagenfurter"]
[BlackTeam "StrassenbahnGraz"]

1. Nf3 d5 2. b3 Bg4 3. e3 Nf6 4. Bb2 e6 5. c4 Be7 6. Be2 O-O 7. O-O c5 8. Ne5
Bxe2 9. Qxe2 Nbd7 10. d3 Nxe5 11. Bxe5 Nd7 12. Bb2 Bf6 13. Nc3 d4 14. Ne4 e5
15. Nxf6+ Qxf6 16. e4 Qh4 17. g3 Qh3 18. f3 Rac8 19. Bc1 Rc6 20. Bd2 Rg6 21. a3
Nf6 22. Rf2 Nh5 23. Qf1 Qe6 24. Rg2 b5 25. Qe2 Nf6 26. Qd1 Rb8 27. cxb5 Rxb5
28. Rb1 Nd7 29. Be1 Qa6 30. a4 Rb8 31. Rgb2 Rgb6 32. Qc2 h6 33. Kg2 Kh7 34. Bd2
Kg8 35. Kf2 R6b7 36. Kg2 Qe6 37. h3 Rc8 38. Qc4 Qc6 39. g4 Nb6 40. Qa6 Qc7 41.
a5 Nd7 42. Qc4 Qb8 43. Kf2 Nf8 44. Rc1 Ne6 45. Qa4 Nf4 46. Bxf4 exf4 47. Rc4
Rcc7 48. Kg2 Qd8 49. Kh2 Rc8 50. Qa1 Qh4 51. Qf1 Rcb8 52. Rxc5 Rxb3 53. Rg2 Rb2
54. Rc1 Qg5 55. Rcc2 Rxc2 56. Rxc2 Qxa5 57. Qc1 g5 58. Qg1 Qa4 59. Qf2 Rb1 60.
Kg2 a5 61. e5 Qb3 62. Re2 Qd1 0-1

[Event "2. Bundesliga Mitte 2012/2013"]
[Site "St. Veit/Glan"]
[Date "2013.03.24"]
[Round "8"]
[Board "1"]
[White "Wittmann, Walter"]
[Black "Poetz, Florian"]
[Result "0-1"]
[WhiteElo "2245"]
[BlackElo "2411"]
[PlyCount "70"]
[EventDate "2012.10.19"]
[EventType "team"]
[EventRounds "11"]
[EventCountry "AUT"]
[WhiteTeam "Union Styria Graz"]
[BlackTeam "Schachklub Sparkasse Fuerstenfeld"]

1. e4 c5 2. Nf3 Nc6 3. d4 cxd4 4. Nxd4 Qb6 5. Nb3 Nf6 6. Nc3 e6 7. Bd3 a6 8.
O-O d6 9. a4 Qc7 10. a5 Be7 11. Be3 O-O 12. Na4 Nd7 13. Nb6 Nxb6 14. Bxb6 Qb8
15. f4 Bd7 16. Rf3 g6 17. Be2 Na7 18. Rd3 Bb5 19. Rd2 Bxe2 20. Qxe2 Nc8 21. Be3
Qc7 22. Ra4 b6 23. axb6 Nxb6 24. Rb4 Rfb8 25. Rbd4 a5 26. f5 e5 27. fxg6 fxg6
28. R4d3 Na4 29. Bh6 Nxb2 30. Rg3 a4 31. Qh5 Bf8 32. Rxg6+ hxg6 33. Qxg6+ Bg7
34. Rf2 Rf8 35. Qe6+ Kh8 0-1

[Event "2. Bundesliga Mitte 2012/2013"]
[Site "St. Veit/Glan"]
[Date "2013.03.24"]
[Round "8"]
[Board "2"]
[White "Schwarhofer, Christopher"]
[Black "Manhardt, Thomas"]
[Result "0-1"]
[WhiteElo "2285"]
[BlackElo "2152"]
[PlyCount "86"]
[EventDate "2012.10.19"]
[EventType "team"]
[EventRounds "11"]
[EventCountry "AUT"]
[WhiteTeam "Schachklub Sparkasse Fuerstenfeld"]
[BlackTeam "Union Styria Graz"]

1. e4 c5 2. c3 d5 3. exd5 Qxd5 4. d4 cxd4 5. cxd4 Nc6 6. Nf3 e5 7. Nc3 Bb4 8.
Bd2 Bxc3 9. Bxc3 e4 10. Ne5 Nxe5 11. dxe5 Ne7 12. Qa4+ Bd7 13. Qa3 Bc6 14. Rd1
Qe6 15. Be2 O-O 16. Rd6 Qf5 17. b4 a6 18. O-O Ng6 19. Qb2 Nf4 20. Bc4 Qg4 21.
g3 Nh3+ 22. Kg2 e3+ 23. Rxc6 bxc6 24. f4 Nf2 25. Qe2 Qh3+ 26. Kg1 Rad8 27. Bxa6
h5 28. Re1 h4 29. gxh4 Qxh4 30. Qxe3 Nd1 31. Rxd1 Rxd1+ 32. Kg2 Qg4+ 33. Qg3
Qxg3+ 34. hxg3 Ra8 35. b5 cxb5 36. Bxb5 Rxa2+ 37. Kh3 Ra3 38. Bb2 Rb3 39. Ba4
Rh1+ 40. Kg2 Rb1 41. Bd4 Rb4 42. Bc2 Rc1 43. Bh7+ Kxh7 0-1

[Event "2. Bundesliga Mitte 2012/2013"]
[Site "St. Veit/Glan"]
[Date "2013.03.24"]
[Round "8"]
[Board "3"]
[White "Schriebl, Alexander"]
[Black "Hatzl, Stefan"]
[Result "0-1"]
[WhiteElo "2086"]
[BlackElo "2183"]
[PlyCount "115"]
[EventDate "2012.10.19"]
[EventType "team"]
[EventRounds "11"]
[EventCountry "AUT"]
[WhiteTeam "Union Styria Graz"]
[BlackTeam "Schachklub Sparkasse Fuerstenfeld"]

1. d4 Nf6 2. c4 g6 3. Nc3 Bg7 4. Nf3 d6 5. g3 O-O 6. Bg2 Nc6 7. d5 Na5 8. Qd3
c5 9. O-O Rb8 10. Bf4 a6 11. Rfe1 b5 12. cxb5 axb5 13. e4 b4 14. Nd1 Qb6 15.
Qc2 Ba6 16. Nd2 Nd7 17. Be3 Ne5 18. Bf1 Bxf1 19. Rxf1 b3 20. axb3 Nxb3 21. Nxb3
Qxb3 22. Qxb3 Rxb3 23. Ra7 Bf6 24. Kg2 Kg7 25. f4 Nc4 26. Bxc5 dxc5 27. e5 Rd8
28. exf6+ exf6 29. Re1 Rxd5 30. Ree7 Nd6 31. Re1 Rd2+ 32. Kh3 f5 33. Ra3 Rxa3
34. bxa3 Ne4 35. Ne3 Ra2 36. Nc4 Nf2+ 37. Kh4 Ng4 38. Rh1 Nxh2 39. Ne5 f6 40.
Nd3 Nf3+ 41. Kh3 g5 42. g4 c4 43. Nc5 Rxa3 44. gxf5 Ne5+ 45. Kg2 gxf4 46. Ne6+
Kg8 47. Nxf4 Rf3 48. Nd5 Kg7 49. Ne7 c3 50. Nd5 Rd3 51. Nf4 Rd2+ 52. Kg3 c2 53.
Rc1 Kf7 54. Kh4 Rd4 55. Rxc2 Rxf4+ 56. Kh5 Rxf5+ 57. Kh6 Ng4+ 58. Kxh7 0-1

[Event "2. Bundesliga Mitte 2012/2013"]
[Site "St. Veit/Glan"]
[Date "2013.03.24"]
[Round "8"]
[Board "4"]
[White "Hatzl, Johannes"]
[Black "Matosec, Thomas"]
[Result "0-1"]
[WhiteElo "2125"]
[BlackElo "2087"]
[PlyCount "142"]
[EventDate "2012.10.19"]
[EventType "team"]
[EventRounds "11"]
[EventCountry "AUT"]
[WhiteTeam "Schachklub Sparkasse Fuerstenfeld"]
[BlackTeam "Union Styria Graz"]

1. e4 e6 2. d4 d5 3. Nc3 Nf6 4. Bg5 dxe4 5. Nxe4 Be7 6. Bxf6 gxf6 7. Nf3 f5 8.
Ng3 c5 9. dxc5 Qa5+ 10. Qd2 Qxd2+ 11. Nxd2 Bxc5 12. Be2 Nc6 13. c3 Bd7 14. Nb3
Bb6 15. Rd1 O-O-O 16. O-O Ne5 17. Nd4 Rhg8 18. Kh1 Ng4 19. Bxg4 Rxg4 20. f3 Rg5
21. Rfe1 h5 22. Nf1 f4 23. Nd2 Rd5 24. Nc4 Bb5 25. Rc1 Bc7 26. b3 Bd7 27. Nc2
b5 28. N4a3 Rd2 29. Nd4 Rxa2 30. Ndc2 Bc6 31. Red1 Bd6 32. b4 h4 33. h3 Be5 34.
Rxd8+ Kxd8 35. Rd1+ Kc7 36. c4 a6 37. cxb5 axb5 38. Rd3 Kb6 39. Kh2 Bd5 40. Ne1
Bc4 41. Nxc4+ bxc4 42. Rd1 Ra1 43. Rxa1 Bxa1 44. Kg1 Bc3 45. Nc2 Kb5 46. Kf1
Bxb4 47. Nd4+ Kc5 48. Nc2 c3 49. Ke2 Kc4 50. Kd1 e5 51. Ne1 Kb3 52. Nc2 f6 53.
Kc1 Ba3+ 54. Kd1 Kb2 55. Ne1 e4 56. Nc2 Bc5 57. Ne1 Bf2 58. Nc2 e3 59. Nb4 Bg3
60. Nd3+ Kb1 61. Nb4 e2+ 62. Kxe2 c2 63. Nxc2 Kxc2 64. Kf1 Bh2 65. Kf2 Kd3 66.
Ke1 Ke3 67. Kf1 Bg3 68. Kg1 Ke2 69. Kh1 Bf2 70. Kh2 Kf1 71. Kh1 Bg1 0-1

[Event "2. Bundesliga Mitte 2012/2013"]
[Site "St. Veit/Glan"]
[Date "2013.03.24"]
[Round "8"]
[Board "6"]
[White "Posch, Siegfried"]
[Black "Kozomara, David"]
[Result "1/2-1/2"]
[WhiteElo "2077"]
[BlackElo "1922"]
[PlyCount "63"]
[EventDate "2012.10.19"]
[EventType "team"]
[EventRounds "11"]
[EventCountry "AUT"]
[WhiteTeam "Schachklub Sparkasse Fuerstenfeld"]
[BlackTeam "Union Styria Graz"]

1. d4 Nf6 2. c4 c5 3. Nf3 e6 4. Nc3 cxd4 5. Nxd4 a6 6. g3 Qc7 7. Qd3 b6 8. Bg2
Bb7 9. O-O Bxg2 10. Kxg2 Nc6 11. Qf3 Rc8 12. Nxc6 Qxc6 13. Be3 Bc5 14. Bxc5
Qxf3+ 15. Kxf3 Rxc5 16. Na4 Rf5+ 17. Kg2 b5 18. cxb5 axb5 19. Rac1 Ke7 20. Nb6
Rb8 21. Nc8+ Kd8 22. Nd6 Rd5 23. Rfd1 Rxd1 24. Rxd1 Ke7 25. e4 Ng4 26. b3 f6
27. h3 Ne5 28. f4 Nc6 29. Rd2 g6 30. g4 g5 31. f5 Ne5 32. Kg3 1/2-1/2

[Event "2. Bundesliga Mitte 2012/2013"]
[Site "St. Veit/Glan"]
[Date "2013.03.24"]
[Round "8"]
[Board "1"]
[White "Horvath, Adam"]
[Black "Haba, Petr"]
[Result "1/2-1/2"]
[WhiteElo "2485"]
[BlackElo "2463"]
[PlyCount "60"]
[EventDate "2012.10.19"]
[EventType "team"]
[EventRounds "11"]
[EventCountry "AUT"]
[WhiteTeam "RbEJ Gleisdorf"]
[BlackTeam "Spg. Grieskirchen/B.Schallerbach"]

1. e4 e6 2. d4 d5 3. Nc3 Bb4 4. e5 c5 5. a3 Bxc3+ 6. bxc3 Qc7 7. Qg4 f6 8. Nf3
c4 9. Be2 Nc6 10. Qg3 Qf7 11. exf6 Nxf6 12. Ne5 Nxe5 13. dxe5 Ne4 14. Qe3 b6
15. Bxc4 dxc4 16. Qxe4 Bb7 17. Qg4 h5 18. Qh4 Qg6 19. Be3 Qxg2 20. O-O-O Qg4
21. Qxg4 hxg4 22. Rhg1 Bf3 23. Rd6 Ke7 24. h4 b5 25. Kd2 Kf7 26. Bg5 Rhc8 27.
Be3 Rd8 28. Bg5 Rdc8 29. Be3 Rd8 30. Bg5 Rdc8 1/2-1/2

[Event "2. Bundesliga Mitte 2012/2013"]
[Site "St. Veit/Glan"]
[Date "2013.03.24"]
[Round "8"]
[Board "2"]
[White "Kilgus, Georg"]
[Black "Horvath, Tamas"]
[Result "1/2-1/2"]
[WhiteElo "2400"]
[BlackElo "2390"]
[PlyCount "69"]
[EventDate "2012.10.19"]
[EventType "team"]
[EventRounds "11"]
[EventCountry "AUT"]
[WhiteTeam "Spg. Grieskirchen/B.Schallerbach"]
[BlackTeam "RbEJ Gleisdorf"]

1. Nf3 c5 2. c4 Nf6 3. Nc3 e6 4. g3 b6 5. Bg2 Bb7 6. O-O Be7 7. Re1 d6 8. e4
Nbd7 9. d4 cxd4 10. Nxd4 Qc7 11. Ndb5 Qb8 12. f4 a6 13. Nd4 O-O 14. e5 Ne8 15.
Nc6 Bxc6 16. Bxc6 Ra7 17. Be3 Qc8 18. Bxd7 Rxd7 19. Qe2 dxe5 20. fxe5 Qc6 21.
Rad1 Rc7 22. Qg2 f6 23. Qxc6 Rxc6 24. Rd7 Bb4 25. Ra7 fxe5 26. Rxa6 Nd6 27.
Rxb6 Rxb6 28. Bxb6 Nxc4 29. Re4 Rc8 30. Na4 Nxb6 31. Rxb4 Rc1+ 32. Kg2 Rc2+ 33.
Kf1 Nxa4 34. Rxa4 Rxb2 35. h4 1/2-1/2

[Event "2. Bundesliga Mitte 2012/2013"]
[Site "St. Veit/Glan"]
[Date "2013.03.24"]
[Round "8"]
[Board "3"]
[White "Wegerer, Fred"]
[Black "Schwabeneder, Florian"]
[Result "0-1"]
[WhiteElo "2194"]
[BlackElo "2291"]
[PlyCount "76"]
[EventDate "2012.10.19"]
[EventType "team"]
[EventRounds "11"]
[EventCountry "AUT"]
[WhiteTeam "RbEJ Gleisdorf"]
[BlackTeam "Spg. Grieskirchen/B.Schallerbach"]

1. c4 e5 2. g3 Nf6 3. Bg2 d5 4. cxd5 Nxd5 5. Nc3 Nb6 6. Nf3 Nc6 7. O-O Be6 8.
d3 f6 9. a3 Qd7 10. b4 O-O-O 11. Ne4 h5 12. Bb2 h4 13. Nxh4 Bh3 14. b5 Nd4 15.
Bxd4 exd4 16. Qc2 Bxg2 17. Kxg2 Nd5 18. Rfc1 g5 19. Nf3 Qh3+ 20. Kh1 Be7 21.
Qd1 f5 22. Ned2 g4 23. Nh4 Bxh4 24. gxh4 Rxh4 25. Qg1 f4 26. Qg2 Rdh8 27. Nf1
Nc3 28. Rxc3 dxc3 29. Rc1 R4h5 30. a4 Rc5 31. Qe4 f3 32. Qe6+ Kb8 33. exf3
Qxf3+ 34. Kg1 Qxd3 35. Qxg4 c2 36. Ng3 Rd8 37. Kg2 Qd2 38. Qh4 Rcd5 0-1

[Event "2. Bundesliga Mitte 2012/2013"]
[Site "St. Veit/Glan"]
[Date "2013.03.24"]
[Round "8"]
[Board "4"]
[White "Humer, Wolfgang"]
[Black "Watzka, Horst"]
[Result "0-1"]
[WhiteElo "2268"]
[BlackElo "2259"]
[PlyCount "30"]
[EventDate "2012.10.19"]
[EventType "team"]
[EventRounds "11"]
[EventCountry "AUT"]
[WhiteTeam "Spg. Grieskirchen/B.Schallerbach"]
[BlackTeam "RbEJ Gleisdorf"]

1. e4 e5 2. d4 exd4 3. Qxd4 Nc6 4. Qa4 Nf6 5. Nf3 d5 6. Nc3 Bb4 7. Bg5 dxe4 8.
Ne5 Qd4 9. Bb5 Bxc3+ 10. bxc3 Qxc3+ 11. Ke2 Qxe5 12. Bxc6+ bxc6 13. Qxc6+ Ke7
14. Be3 Bg4+ 15. f3 exf3+ 0-1

[Event "2. Bundesliga Mitte 2012/2013"]
[Site "St. Veit/Glan"]
[Date "2013.03.24"]
[Round "8"]
[Board "5"]
[White "Sandner, Wolfgang"]
[Black "Obermayr, Hermann"]
[Result "1-0"]
[WhiteElo "2209"]
[BlackElo "2160"]
[PlyCount "119"]
[EventDate "2012.10.19"]
[EventType "team"]
[EventRounds "11"]
[EventCountry "AUT"]
[WhiteTeam "RbEJ Gleisdorf"]
[BlackTeam "Spg. Grieskirchen/B.Schallerbach"]

1. e4 e6 2. d3 d5 3. Nd2 c5 4. Ngf3 Nc6 5. g3 g6 6. Bg2 Bg7 7. O-O Nge7 8. Re1
h6 9. exd5 exd5 10. Nb3 b6 11. c3 O-O 12. a4 a5 13. h3 Ra7 14. Nbd2 Bf5 15. Nf1
d4 16. c4 Nb4 17. Ra3 Nec6 18. g4 Bc8 19. Ng3 Re7 20. Rxe7 Qxe7 21. g5 h5 22.
Bf4 Re8 23. Ra1 Ne5 24. Nxe5 Bxe5 25. Bxe5 Qxe5 26. Ne4 Kg7 27. Qf3 Bf5 28. Re1
Qc7 29. Re2 Bxe4 30. Qf6+ Kg8 31. Rxe4 Rxe4 32. Bxe4 h4 33. Kg2 Nc2 34. Bd5 Kf8
35. Qh8+ Ke7 36. Qxh4 Qe5 37. Qe4 Qxe4+ 38. Bxe4 Nb4 39. Kg3 Na6 40. Kf4 Nc7
41. Ke5 Ne6 42. f4 Ng7 43. f5 gxf5 44. Bxf5 Nh5 45. Bg4 f6+ 46. gxf6+ Nxf6 47.
Bf3 Ne8 48. h4 Nd6 49. Bd5 Ne8 50. h5 Nf6 51. Bf3 Ng8 52. Kd5 Kd7 53. Bg4+ Ke7
54. Kc6 Nf6 55. Bf3 Nd7 56. Be4 Nf6 57. Bg6 Nd7 58. Kc7 Ne5 59. Kxb6 Kd6 60.
Be4 1-0

[Event "2. Bundesliga Mitte 2012/2013"]
[Site "St. Veit/Glan"]
[Date "2013.03.24"]
[Round "8"]
[Board "6"]
[White "Schwabeneder, Alois"]
[Black "Knoll, Martin"]
[Result "1-0"]
[WhiteElo "2061"]
[BlackElo "2081"]
[PlyCount "141"]
[EventDate "2012.10.19"]
[EventType "team"]
[EventRounds "11"]
[EventCountry "AUT"]
[WhiteTeam "Spg. Grieskirchen/B.Schallerbach"]
[BlackTeam "RbEJ Gleisdorf"]

1. Nf3 c6 2. c4 d5 3. e3 g6 4. d4 Nf6 5. Be2 Bg7 6. Nc3 O-O 7. Ne5 dxc4 8. Bxc4
b5 9. Be2 Bb7 10. Bf3 Qb6 11. O-O Nbd7 12. Nd3 Rfd8 13. Qe2 Rac8 14. b4 Nd5 15.
Ne4 e5 16. dxe5 Nxe5 17. Nxe5 Bxe5 18. Bb2 Qc7 19. Bxe5 Qxe5 20. Nc5 Ba8 21. a3
a5 22. e4 Nb6 23. Rad1 Nc4 24. Bg4 Rxd1 25. Rxd1 Re8 26. Qd3 Nb2 27. Qf3 Nxd1
28. Qxd1 h5 29. Bf3 axb4 30. axb4 Qf6 31. h3 Rd8 32. Qc1 Kg7 33. Qa3 Qe5 34.
Qa5 Re8 35. Qa7 Qe7 36. Qa1+ Kh7 37. g4 h4 38. Bg2 Bb7 39. f4 Bc8 40. e5 Qc7
41. Ne4 Re7 42. Qe1 Re6 43. Qxh4+ Kg8 44. Ng5 c5 45. Qh7+ Kf8 46. Qh8+ Ke7 47.
Qg8 cxb4 48. Qxf7+ Kd8 49. Nxe6+ Bxe6 50. Qf8+ Kd7 51. Qxb4 Bc4 52. Be4 Qb6+
53. Kg2 Qd4 54. Qd6+ Qxd6 55. exd6 Bf7 56. Kg3 b4 57. Bb1 Kxd6 58. Kh4 b3 59.
Kg5 Ke7 60. f5 gxf5 61. Kxf5 Bg8 62. Kg5 Kf7 63. Kh6 Kf8 64. g5 Bd5 65. h4 Bf7
66. h5 b2 67. g6 Bg8 68. Kg5 Bb3 69. Kf6 Bg8 70. g7+ Ke8 71. h6 1-0

[Event "2. Bundesliga Mitte 2012/2013"]
[Site "St. Veit/Glan"]
[Date "2013.03.24"]
[Round "8"]
[Board "1"]
[White "Freitag, Manfred"]
[Black "Renner, Christoph"]
[Result "1-0"]
[WhiteElo "2385"]
[BlackElo "2458"]
[PlyCount "59"]
[EventDate "2012.10.19"]
[EventType "team"]
[EventRounds "11"]
[EventCountry "AUT"]
[WhiteTeam "ESV Austria Graz"]
[BlackTeam "Spg. Sauwald"]

1. d4 Nf6 2. c4 d6 3. Nf3 Nbd7 4. Nc3 e5 5. e4 Be7 6. Be2 c6 7. O-O a6 8. Qc2
b5 9. a3 O-O 10. h3 Bb7 11. Be3 Rc8 12. Rfd1 Qc7 13. Rac1 exd4 14. Nxd4 Rfe8
15. Nf5 Bf8 16. Bf4 Ne5 17. Qd2 Nxc4 18. Bxc4 bxc4 19. Bxd6 Bxd6 20. Nxd6 Red8
21. e5 Ne8 22. Qf4 Rb8 23. Nce4 c5 24. Ng5 Nxd6 25. exd6 Qd7 26. Re1 Rf8 27.
Re7 Qc6 28. Qg3 Bc8 29. Nxf7 Rxf7 30. d7 1-0

[Event "2. Bundesliga Mitte 2012/2013"]
[Site "St. Veit/Glan"]
[Date "2013.03.24"]
[Round "8"]
[Board "2"]
[White "Taggatz, Mario"]
[Black "Karner, Christoph"]
[Result "1/2-1/2"]
[WhiteElo "2303"]
[BlackElo "2304"]
[PlyCount "61"]
[EventDate "2012.10.19"]
[EventType "team"]
[EventRounds "11"]
[EventCountry "AUT"]
[WhiteTeam "Spg. Sauwald"]
[BlackTeam "ESV Austria Graz"]

1. Nf3 Nf6 2. c4 d6 3. d4 Bg4 4. Nc3 Bxf3 5. exf3 g6 6. Be3 Bg7 7. d5 c6 8. Be2
Nbd7 9. Qd2 a6 10. Rd1 Qa5 11. g4 h5 12. g5 Nh7 13. Bd4 Bxd4 14. Qxd4 O-O 15.
f4 cxd5 16. cxd5 Rfc8 17. Rg1 Nhf8 18. Rd3 Qb6 19. Qxb6 Nxb6 20. Re3 e6 21. Kd2
Nc4+ 22. Bxc4 Rxc4 23. Re4 exd5 24. Nxd5 Rxe4 25. Nf6+ Kg7 26. Nxe4 Ne6 27. Ke3
d5 28. Nf6 Rd8 29. Rd1 d4+ 30. Ke4 d3 31. Ke3 1/2-1/2

[Event "2. Bundesliga Mitte 2012/2013"]
[Site "St. Veit/Glan"]
[Date "2013.03.24"]
[Round "8"]
[Board "4"]
[White "Hiermann, Dietmar"]
[Black "Aschenbrenner, Robert"]
[Result "1/2-1/2"]
[WhiteElo "2311"]
[BlackElo "2264"]
[PlyCount "157"]
[EventDate "2012.10.19"]
[EventType "team"]
[EventRounds "11"]
[EventCountry "AUT"]
[WhiteTeam "Spg. Sauwald"]
[BlackTeam "ESV Austria Graz"]

1. e4 c5 2. Nf3 Nc6 3. d4 cxd4 4. Nxd4 Nf6 5. Nc3 e5 6. Ndb5 h6 7. Nd6+ Bxd6 8.
Qxd6 Qe7 9. Qxe7+ Kxe7 10. Be3 d6 11. f3 Be6 12. O-O-O Rac8 13. a3 a6 14. Bb6
Nb8 15. Bd3 Nbd7 16. Be3 Rc6 17. Rhe1 Rhc8 18. Kb1 Nb6 19. Na2 Nc4 20. Bc1 Nd7
21. Nb4 Rc5 22. b3 Ncb6 23. Be3 R5c7 24. a4 Nc5 25. a5 Nbd7 26. Bf1 Nf6 27. Kb2
Rb8 28. Rd2 Rd7 29. Red1 Rc8 30. c4 b6 31. axb6 a5 32. Bxc5 Rxc5 33. Na2 Rc6
34. Nc3 Rxb6 35. Ra1 Rdb7 36. Nb5 Bd7 37. Rxa5 Bxb5 38. cxb5 Ne8 39. Ka3 Nc7
40. Rc2 Nxb5+ 41. Bxb5 Rxb5 42. Rxb5 Rxb5 43. Rc7+ Ke6 44. b4 Rb8 45. Ka4 Ra8+
46. Kb3 Ra1 47. Rc2 f5 48. b5 fxe4 49. fxe4 Rb1+ 50. Ka4 Kd7 51. Ka5 Ra1+ 52.
Kb6 Ra4 53. Rc7+ Ke6 54. Rxg7 Rxe4 55. Rg6+ Kd5 56. Kc7 Rc4+ 57. Kd7 Kc5 58. b6
Kxb6 59. Rxd6+ Kc5 60. Rxh6 Rg4 61. Ke6 Kd4 62. g3 e4 63. Kf5 Rg8 64. Re6 Kd3
65. g4 Rf8+ 66. Kg5 Rg8+ 67. Kh4 e3 68. g5 e2 69. Kg4 Ra8 70. h4 Ra6 71. Re5
Ra5 72. Rxe2 Kxe2 73. g6 Ke3 74. h5 Ke4 75. g7 Ra1 76. Kh3 Kf3 77. Kh2 Ra2+ 78.
Kh3 Ra1 79. Kh2 1/2-1/2

[Event "2. Bundesliga Mitte 2012/2013"]
[Site "St. Veit/Glan"]
[Date "2013.03.24"]
[Round "8"]
[Board "5"]
[White "Fahrner, Kurt"]
[Black "Testor, Sebastian"]
[Result "0-1"]
[WhiteElo "2378"]
[BlackElo "2308"]
[PlyCount "72"]
[EventDate "2012.10.19"]
[EventType "team"]
[EventRounds "11"]
[EventCountry "AUT"]
[WhiteTeam "ESV Austria Graz"]
[BlackTeam "Spg. Sauwald"]

1. d4 e6 2. c4 Nf6 3. Nc3 Bb4 4. Qc2 c5 5. dxc5 Bxc5 6. Nf3 Qb6 7. e3 Qc7 8.
Bd2 a6 9. Rc1 Be7 10. c5 Qxc5 11. Qb3 Qa7 12. Nd5 Nxd5 13. Rxc8+ Bd8 14. e4 Nc7
15. Qc3 O-O 16. Rxd8 Rxd8 17. Qxc7 Nc6 18. Be3 Qb8 19. Qb6 Ne5 20. Be2 Rc8 21.
O-O Nc4 22. Bxc4 Rxc4 23. Rd1 Qc7 24. Qxc7 Rxc7 25. e5 Rc2 26. Bd4 Rc6 27. Bc3
Rd8 28. Nd4 Rc5 29. Nb3 Rd5 30. Rxd5 exd5 31. Kf1 d6 32. exd6 Rxd6 33. Ke2 b6
34. Nd4 f6 35. Nf5 Rd7 36. Kd3 Kf7 {flag!!} 0-1